Sports Quiz

Random Sports or NFL Quiz

100+ Receptions (Chicago Bears) Quiz Stats

 Plays Quiz Updated Jan 2, 2018

Challenge
Share
Tweet
Embed
Score 0/18 Timer 06:00
0 Plays Today
Receptions Player % Correct
279Brandon Marshall
89.7%
304Alshon Jeffery
79.6%
487Matt Forte
72.3%
194Greg Olsen
52.2%
208Martellus Bennett
50.6%
185Earl Bennett
50.3%
118Thomas Jones
45.2%
217Devin Hester
44.2%
101Zach Miller
43%
Receptions Player % Correct
164Muhsin Muhammad
39.2%
329Marty Booker
34.3%
133Johnny Knox
31.2%
155Dez White
27.2%
150Bernard Berrian
19.3%
183Marcus Robinson
18.5%
242Desmond Clark
18.1%
128David Terrell
14%
104Bobby Engram
9.6%

You're not logged in!

Compare scores with friends on all Sporcle quizzes.
Join for Free
OR
Log In

You Might Also Like...

Show Comments

Extras

Top Quizzes Today


Score Distribution

Your Account Isn't Verified!

In order to create a playlist on Sporcle, you need to verify the email address you used during registration. Go to your Sporcle Settings to finish the process.

Report this User

Report this user for behavior that violates our Community Guidelines.

Details: